Statistics for Best Countries (my correct opinion)

Click here to take the quiz!

General Stats

  • This quiz has been taken 18 times
  • The average score is 5 of 11

Answer Stats

ContinentAnswer% Correct
AfricaEgypt
81%
EurasiaRussia
69%
North AmericaCanada
63%
South AmericaPeru
56%
AfricaSouth Africa
56%
EuropeItaly
50%
EuropeGreece
38%
AsiaPalestine
38%
Africauganda
31%
EuropeAlbania
25%
AsiaArmenia
25%

Score Distribution

Percentile by Number Answered

Percent of People with Each Score

Your Score History

You have not taken this quiz